The best of TOEFL
Uloženo v:
| Médium: | Kniha |
|---|---|
| Jazyk: | Undetermined |
| Témata: | |
| Tagy: |
Přidat tag
Žádné tagy, Buďte první, kdo otaguje tento záznam!
|
| Thư viện lưu trữ: | Trung tâm Học liệu Trường Đại học Cần Thơ |
|---|
| LEADER | 00538nam a2200145Ia 4500 | ||
|---|---|---|---|
| 001 | CTU_120826 | ||
| 008 | 210402s9999 xx 000 0 und d | ||
| 082 | |a 428.0076 | ||
| 082 | |b B561 | ||
| 245 | 4 | |a The best of TOEFL | |
| 650 | |a English language,English language,Test of english as a foreign language | ||
| 650 | |x Examinations,Textbooks for foreign speakers,Study guides | ||
| 904 | |i M.Loan | ||
| 910 | |i Mai chuyển số PL từ 428.34 thành 428.0076 chưa in nhãn | ||
| 980 | |a Trung tâm Học liệu Trường Đại học Cần Thơ | ||